KOHA-Header-6

Notes On Advanced Income Tax : Tax Year 2019 (Record no. 1961)

000 -LEADER
fixed length control field 00285nam a2200109Ia 4500
008 - FIXED-LENGTH DATA ELEMENTS--GENERAL INFORMATION
fixed length control field 190723s9999 xx 000 0 und d
100 ## - MAIN ENTRY--PERSONAL NAME
Personal name M. Khalid Petiwala
245 #0 - TITLE STATEMENT
Title Notes On Advanced Income Tax : Tax Year 2019
260 ## - PUBLICATION, DISTRIBUTION, ETC. (IMPRINT)
Place of publication, distribution, etc Karachi
Name of publisher, distributor, etc Petiwala
Date of publication, distribution, etc 2019
300 ## - PHYSICAL DESCRIPTION
Extent 626:p
942 ## - ADDED ENTRY ELEMENTS (KOHA)
Koha item type Books
Holdings
Withdrawn status Lost status Source of classification or shelving scheme Damaged status Not for loan Collection code Permanent Location Current Location Shelving location Date acquired Full call number Barcode Date last seen Price effective from Koha item type
        Not For Loan Law MAJU MAJU Shelf No.A39 REF 2019-07-23 336.24 8584 2019-07-23 2019-07-23 Books

Powered by Koha